01023nam a22003377a 450000500170000000800410001702000180005804100080007608200160008410000250010024501180012526000130024326000140025626000090027030000180027965000210029765000480031865000250036665000290039165000330042065000280045365000120048165000190049365000280051265000190054065000340055965000180059365000280061165000160063965000300065520241107123347.0181127b xxu||||| |||| 00| 0 spa d a9786076220474 aspa a658.3 P281g aPascual, José Luis aGestión del capital humano en las organizaciones. Entre nichos y bichos: ¿valor estructural o valor emocional? aMéxico bAlfaomega c2014 a224 páginas aRECURSOS HUMANOS aPAPEL DE LAS PERSONAS EN LAS ORGANIZACIONES aRELACIONES LABORALES aGESTIÓN CAPITAL HUMANO aCULTURA EN LA ORGANIZACIÓN aESTRUCTURA ORGANIZATIVA aVALORES aORGANIZACIONES aESTRUCTURA ORGANIZATIVA aTALENTO HUMANO aCAMBIOS EN LAS ORGANIZACIONES aRECLUTAMIENTO aEFICIENCIA ORGANIZATIVA aCOMPROMISO  aGESTIÓN DE LAS PERSONAS